| 000 | 00589nam a2200229Ia 4500 | ||
|---|---|---|---|
| 003 | OSt | ||
| 005 | 20250702094823.0 | ||
| 008 | 210423s2013 xx 000 0 und d | ||
| 020 | _a978-1-4129-3077-2 | ||
| 040 | _cAL | ||
| 041 | _aeng | ||
| 082 |
_a070.1 _223 _bDOYU |
||
| 100 |
_aGillian Doyle _9106222 |
||
| 245 | _aUnderstanding media economics | ||
| 250 | _a2 | ||
| 260 |
_aLondon _bSage Publications _c2013 |
||
| 300 |
_axii,216 _bPB |
||
| 365 |
_b2741.95 _cGBP |
||
| 650 |
_aJournalism & Media _9106223 |
||
| 906 | _aeconomics ; Ed ; media ; Understanding | ||
| 942 |
_2ddc _cBK |
||
| 999 |
_c167510 _d167510 |
||